[Event "Vidnoe DSI 7th"]
[Site "Vidnoe"]
[Date "2010.10.23"]
[Round "4"]
[White "Kuznetsov, Vladimir D"]
[Black "Kubrakov, Petr"]
[Result "1/2-1/2"]
[WhiteElo "2193"]
[BlackElo "2217"]
[PlyCount "55"]
[EventDate "2010.10.23"]
[EventType "swiss"]
[EventRounds "5"]
[EventCountry "RUS"]
[SourceTitle "EXT 2022"]
[Source "ChessBase"]
[SourceDate "2021.10.06"]
[SourceVersion "1"]
[SourceVersionDate "2021.10.06"]
[SourceQuality "1"]

1. e4 Nf6 2. e5 Nd5 3. d4 d6 4. Nf3 Nb6 5. Be2 g6 6. 0-0 Bg7 7. a4 0-0 8. a5 N6d7 9. exd6 cxd6 10. Bg5 Nc6 11. a6 Nb4 12. axb7 Bxb7 13. c3 Nd5 14. Nbd2 h6 15. Bh4 Nf4 16. Ba6 Bxa6 17. Rxa6 Re8 18. Bg3 Nd5 19. Qa4 N7b6 20. Qa5 Qc8 21. Ra1 Qc6 22. Qa3 Nc7 23. Ra5 Reb8 24. h3 Rb7 25. Qb3 Nbd5 26. Qa3 Nb6 27. Qb3 Nbd5 28. Qa3 1/2-1/2